Sistematización Taller de Investigación en la MLATS /

Uloženo v:
Podrobná bibliografie
Korporace: Universidad Nacional Autónoma de Honduras. Postgrado Latinoamericano en Trabajo Social, UNAH. PLATS
Médium: Text
Vydáno: Tegucigalpa: UNAH
Tagy: Přidat tag
Žádné tagy, Buďte první, kdo vytvoří štítek k tomuto záznamu!

MARC

LEADER 00000 a a2200000 04500
001 28567
003
040
090 |a 189101  
110 |a Universidad Nacional Autónoma de Honduras. Postgrado Latinoamericano en Trabajo Social  
245 |a Sistematización Taller de Investigación en la MLATS /  |c Universidad Nacional Autónoma de Honduras. Postgrado Latinoamericano en Trabajo Social  
260 |a Tegucigalpa:   |b UNAH  
300 |a 36 p  
710 |a UNAH. PLATS  
999 |c 13960  |d 13960